书目信息 |
| 题名: |
BOBO风暴
|
|
| 作者: | 子夜 编著 | |
| 分册: | ||
| 出版信息: | 北京 中国民航出版社 2003 |
|
| 页数: | 230页 | |
| 开本: | 21cm | |
| 丛书名: | ||
| 单 册: | ||
| 中图分类: | C913.3-49 | |
| 科图分类: | ||
| 主题词: | 生活方式--通俗读物 | |
| 电子资源: | ||
| ISBN: | 7-80110-479-X | |
| 000 | 00807nam0 22002290 450 | |
| 001 | 192004002249 | |
| 005 | 20070905100723.17 | |
| 010 | @a7-80110-479-X@dCNY18.00 | |
| 100 | @a20070601d2003 ekmy0chiy0121 ea | |
| 101 | 0 | @achi |
| 102 | @aCN@b110000 | |
| 105 | @aa z 000yy | |
| 200 | 1 | @aBOBO风暴@ABOBO feng bao@e今日的BOBO明日的IF@f子夜编著 |
| 210 | @a北京@c中国民航出版社@d2003 | |
| 215 | @a230页@c图@d21cm | |
| 330 | @a本书是解开BOBO族秘密的钥匙,了解BOBO的品位,了解BOBO的生活,把握时代的脉搏!加入BOBO一族,引领时代潮流!不过我们要知道,BOBO并不是刻意追求的,而是自然而然,水到渠成的事情。 | |
| 517 | 1 | @a今日的BOBO明日的IF@Ajin ri deB OBO ming ri deI F |
| 606 | 0 | @a生活方式@j通俗读物 |
| 690 | @aC913.3-49@v4 | |
| 701 | 0 | @a子夜@Azi ye@4编著 |
| 801 | 0 | @aCN@c20070905 |
| 905 | @dC913.3-49@eZ953 | |
| BOBO风暴:今日的BOBO明日的IF/子夜编著.-北京:中国民航出版社,2003 |
| 230页:图;21cm |
| ISBN 7-80110-479-X:CNY18.00 |
| 本书是解开BOBO族秘密的钥匙,了解BOBO的品位,了解BOBO的生活,把握时代的脉搏!加入BOBO一族,引领时代潮流!不过我们要知道,BOBO并不是刻意追求的,而是自然而然,水到渠成的事情。 |
| ● |
| 相关链接 |
|
|
|
正题名:BOBO风暴
索取号:C913.3-49/Z953
 
预约/预借
| 序号 | 登录号 | 条形码 | 馆藏地/架位号 | 状态 | 备注 |
| 1 | 625582 | 206255826 | 社科库509/509社科库 62排3列2层/ [索取号:C913.3-49/Z953] | 在馆 | |
| 2 | 625583 | 206255835 | 社科库509/509社科库 62排3列2层/ [索取号:C913.3-49/Z953] | 在馆 |